UCI Road Race World Champions - Statistics

General Stats
  • This quiz has been taken 11 times
  • The average score is 31 of 92
Answer Stats
Year Nationality Answer % Correct
2021 FRA Julian Alaphilippe
100%
2020 FRA Julian Alaphilippe
100%
2023 NED Mathieu van der Poel
100%
2017 SVK Peter Sagan
100%
2016 SVK Peter Sagan
100%
2015 SVK Peter Sagan
100%
2022 BEL Remco Evenepoel
100%
2025 SLO Tadej Pogačar
100%
2024 SLO Tadej Pogačar
100%
2018 ESP Alejandro Valverde
82%
1980 FRA Bernard Hinault
82%
2019 DEN Mads Pedersen
82%
2009 AUS Cadel Evans
73%
1974 BEL Eddy Merckx
73%
1971 BEL Eddy Merckx
73%
1967 BEL Eddy Merckx
73%
1989 USA Greg LeMond
73%
1983 USA Greg LeMond
73%
1993 USA Lance Armstrong
73%
2005 BEL Tom Boonen
73%
2014 POL Michał Kwiatkowski
64%
2012 BEL Philippe Gilbert
64%
2010 NOR Thor Hushovd
64%
1953 ITA Fausto Coppi
55%
1977 ITA Francesco Moser
55%
2013 POR Rui Costa
55%
1996 BEL Johan Museeuw
45%
1985 NED Joop Zoetemelk
45%
2011 GBR Mark Cavendish
45%
1951 SUI Ferdinand Kübler
36%
1975 NED Hennie Kuiper
36%
1979 NED Jan Raas
36%
1954 FRA Louison Bobet
36%
2002 ITA Mario Cipollini
36%
2004 ESP Óscar Freire
36%
2001 ESP Óscar Freire
36%
1999 ESP Óscar Freire
36%
2007 ITA Paolo Bettini
36%
2006 ITA Paolo Bettini
36%
1961 BEL Rik Van Looy
36%
1960 BEL Rik Van Looy
36%
1987 IRL Stephen Roche
36%
1973 ITA Felice Gimondi
27%
1978 NED Gerrie Knetemann
27%
1964 NED Jan Janssen
27%
1972 ITA Marino Basso
27%
1965 GBR Tom Simpson
27%
2008 ITA Alessandro Ballan
18%
1981 BEL Freddy Maertens
18%
1976 BEL Freddy Maertens
18%
1982 ITA Giuseppe Saronni
18%
1986 ITA Moreno Argentin
18%
1957 BEL Rik Van Steenbergen
18%
1956 BEL Rik Van Steenbergen
18%
1949 BEL Rik Van Steenbergen
18%
1966 GER Rudi Altig
18%
1995 ESP Abraham Olano
9%
1950 BEL Briek Schotte
9%
1948 BEL Briek Schotte
9%
1984 BEL Claude Criquielion
9%
1969 NED Harm Ottenbros
9%
2003 ESP Igor Astarloa
9%
1935 BEL Jean Aerts
9%
1970 BEL Jean-Pierre Monseré
9%
1931 ITA Learco Guerra
9%
1998 SUI Oscar Camenzind
9%
2000 LAT Romāns Vainšteins
9%
1955 BEL Stan Ockers
9%
1947 NED Theo Middelkamp
9%
1932 ITA Alfredo Binda
0%
1930 ITA Alfredo Binda
0%
1927 ITA Alfredo Binda
0%
1959 FRA André Darrigade
0%
1936 FRA Antonin Magne
0%
1963 BEL Benoni Beheyt
0%
1937 BEL Éloi Meulenberg
0%
1958 ITA Ercole Baldini
0%
1929 BEL Georges Ronsse
0%
1928 BEL Georges Ronsse
0%
1933 FRA Georges Speicher
0%
1992 ITA Gianni Bugno
0%
1991 ITA Gianni Bugno
0%
1946 SUI Hans Knecht
0%
1952 BEL Heinz Müller
0%
1962 FRA Jean Stablinski
0%
1934 BEL Karel Kaers
0%
1997 FRA Laurent Brochard
0%
1994 FRA Luc Leblanc
0%
1938 BEL Marcel Kint
0%
1988 ITA Maurizio Fondriest
0%
1990 BEL Rudy Dhaenens
0%
1968 ITA Vittorio Adorni
0%
No matching quizzes found
Score Distribution
Percent of People with Each Score
Percentile by Number Answered
Your Score History
You have not taken this quiz